000 00449nam a22001817a 4500
005 20250805115636.0
008 250805b |||||||| |||| 00| 0 eng d
020 _a9788198526809
041 _aEnglish
082 _a347.056 AIR
100 _aAIR
245 _a Key Concepts of Litigation:
_b Law, Practice & Procedure
250 _a1st
260 _aNagpur,
_bAll India Reporter,
_c2025
300 _a284 p
650 _aLitigation
942 _cDB
999 _c9022
_d9022